000 00520cam a2200193ua 4500
001 12212
005 20260515114841.0
008 200310n ii |||gr||||Z||||||eng
020 _a9788183701501
040 _cMAIN
082 _a354.2794
100 _aE D Setty,
_eAuthor.
245 _aEffective strategies for rural development
_cBy E D Setty
250 _a1st ed.
260 _aNew Delhi:
_bAkansha publishing house,
_c2008.
300 _a410p.
653 _aAdministration of economy & environment
942 _cBK
999 _c10959
_d10959